00675nam a2200193 a 4500001001000000005001700010008004100027020001500068040001300083050002000096245007500116260002500191300004200216500004200258504003100300610006900331650003300400700004800433BRCA_177120190320203537.0950323s1994 mx-a---##b---#000-0#spa-# a9686651942 aDLCcDLC 4aR751b.P35 199410aEl Palacio de la Escuela de MedicinacMartha Fernández ... [et al.]. aMéxicobUNAMc1994 a172 p.bil. (algunas a color)c32 cm. aColección Sonia Corcuera de Mancera aBibliografía: p. 171-17224aUniversidad Nacional Autónoma de MéxicobEscuela de Medicina14aMedicinaxHistoriazMéxico1 aFernández, Marthaq(Fernández García)